000
00305nam a2200109 a 4500
005
20140414131916.0
008
101019s19uu xx 00 eng d
050
_a
ER
_b
B11 1998
245
_a
Babe, pig in the city :
_b
friends to the rescue!.
260
_a
New York :
_b
Random House,
_c
1998.
999
_c
111487
_d
111487